Complete the Card - WWE WrestleMania 40 - Statystyki

Ogólne statystyki
  • Ten quiz został rozwiązany 157 razy
  • Średni wynik to 29 z 41
Statystyki odpowiedzi
Night 1 or 2 Championship Stipulation W \ L Odpowiedź % Poprawnych
1 Male 2v2 Loser Cody Rhodes
93%
2 Undisputed WWE Universal Championship Bloodline Rules Winner Cody Rhodes
93%
1 Women's World Championship (c) Winner Rhea Ripley
93%
1 Male 2v2 Winner Roman Reigns
91%
2 Undisputed WWE Universal Championship (c) Loser Roman Reigns
91%
1 Male 2v2 Winner The Rock
91%
1 Male 2v2 Loser Seth Rollins
90%
2 World Heavyweight Championship (c) Loser Seth Rollins
90%
1 Undisputed Tag Team Championship Ladder Loser Finn Balor & Damian Priest
87%
2 World Heavyweight Championship Winner Drew McIntyre
85%
2 World Heavyweight Championship (c) Loser Drew McIntyre
85%
2 World Heavyweight Championship CASH-IN Winner Damian Priest
84%
1 Undisputed Tag Team Championship Ladder Winner R-Truth & The Miz
83%
1 Intercontinental Championship (c) Loser Gunther
80%
1 Intercontinental Championship Winner Sami Zayn
80%
2 Women's Championship Winner Bayley
79%
1 Women's World Championship Loser Becky Lynch
79%
2 US Championship Loser Kevin Owens
79%
2 Women's Championship (c) Loser Iyo Sky
78%
2 US Championship (c) Winner Logan Paul
78%
2 US Championship Loser Randy Orton
77%
1 Undisputed Tag Team Championship Ladder Winner Grayson Waller & Austin Theory
74%
1 Male 1v1 Winner Jey Uso
74%
1 Male 1v1 Loser Jimmy Uso
74%
2 Male Philly Street Fight 3v3 Winner The Pride
70%
1 Female 3v3 Winner Bianca Belair
61%
1 Male 2v2 Winner Rey Mysterio
60%
2 Male 1v1 Winner LA Knight
59%
1 Female 3v3 Loser Asuka
56%
2 Male 1v1 Loser AJ Styles
53%
1 Female 3v3 Winner Naomi
53%
1 Female 3v3 Loser Dakota Kai
52%
1 Undisputed Tag Team Championship Ladder Loser #DIY
52%
2 Male Philly Street Fight 3v3 Loser Final Testament
52%
1 Undisputed Tag Team Championship Ladder Loser The New Day
51%
1 Female 3v3 Winner Jade Cargill
50%
1 Female 3v3 Loser Kairi Sane
47%
1 Male 2v2 Loser Dominik
45%
1 Male 2v2 Loser Santos Escobar
40%
1 Male 2v2 Winner Andrade
36%
1 Undisputed Tag Team Championship Ladder Loser New Catch Republic
28%
Nie znaleziono quizów pasujących do podanych kryteriów
Rozkład punktacji
Procent ludzi z każdym wynikiem
Percentyl według liczby udzielonych odpowiedzi
Twoja historia wyników
Nie rozwiązałeś tego quizu